000 00704nam a2200241Ia 4500
003 OSt
005 20220928123950.0
006 a|||||r|||| 00| 0
007 ta
008 220927b |||||||| |||| 00| 0 eng d
024 _a38235
037 _cTextual
040 _aSDCL
_cSDCL
_beng
041 _2eng
_aeng
082 _aY73(Q2).21345'P, P7
100 _aLeela Prasad
_9462741
245 0 _aEthics in everyday Hindu life
_bNarration and tradition in a South Indian Town
260 _aRanikhet
_bPermanent Black
_c2007
300 _axv,291p
_ccm.
650 _aHindu God
_9392461
942 _hY73(Q2).21345'P, P7
_cTEXL
_2CC
999 _c775709
_d775709